Praxis rervm criminalium (Record no. 8204)
[ view plain ]
| 000 -CABECERA | |
|---|---|
| campo de control de longitud fija | 00989nam a2200277 a 4500 |
| 001 - NÚMERO DE CONTROL | |
| campo de control | BRCA_8540 |
| 005 - FECHA Y HORA DE LA ÚLTIMA TRANSACCIÓN | |
| campo de control | 20190320210327.0 |
| 008 - DATOS DE LONGITUD FIJA--INFORMACIÓN GENERAL | |
| campo de control de longitud fija | 110816s1565----gw-a######---#000-0#ger-# |
| 041 ## - CÓDIGO DE LENGUA | |
| Código de lengua del texto/banda sonora o título independiente | ger |
| 044 ## - CÓDIGO DEL PAÍS DE LA ENTIDAD EDITORA/PRODUCTORA | |
| Código MARC del país | gw |
| 050 #4 - SIGNATURA TOPOGRÁFICA DE LA BIBLIOTECA DEL CONGRESO | |
| Número de clasificación | K5015.4 |
| Número de documento/Ítem | .M53 |
| -- | 1565 |
| 100 1# - ENTRADA PRINCIPAL--NOMBRE DE PERSONA | |
| Nombre de persona | Von Caristat, Michaelem Seuther |
| 9 (RLIN) | 21412 |
| 245 10 - MENCIÓN DE TÍTULO | |
| Título | Praxis rervm criminalium |
| Mención de responsabilidad, etc. | Michaelem Seuther Von Caristat. |
| 260 ## - PUBLICACIÓN, DISTRIBUCIÓN, ETC. | |
| Lugar de publicación, distribución, etc. | Frankfurt |
| Nombre del editor, distribuidor, etc. | Durch johannem bolffium |
| Fecha de publicación, distribución, etc. | 1565 |
| 300 ## - DESCRIPCIÓN FÍSICA | |
| Extensión | 1 vol. (en varias paginaciones) |
| Otras características físicas | il. |
| Dimensiones | 20 cm |
| 500 ## - NOTA GENERAL | |
| Nota general | Fondo antiguo |
| 500 ## - NOTA GENERAL | |
| Nota general | Se encuentra en Caja Fuerte |
| 500 ## - NOTA GENERAL | |
| Nota general | U-71 |
| 500 ## - NOTA GENERAL | |
| Nota general | Incluye índice |
| 500 ## - NOTA GENERAL | |
| Nota general | Con Ex-libris de: Franz Mayer |
| 500 ## - NOTA GENERAL | |
| Nota general | Nota de encuadernación: Holandesa, con el canto superior dorado, se conserva en caja de plástico |
| 506 0# - NOTA DE RESTRICCIONES AL ACCESO | |
| Limitaciones de acceso | Fondo reservado: para su consulta es necesario credencial de usuario y carta de motivos |
| 650 14 - PUNTO DE ACCESO ADICIONAL DE MATERIA--TÉRMINO DE MATERIA | |
| Término de materia o nombre geográfico como elemento de entrada | Derecho penal |
| Subdivisión de forma | Trabajos anteriores a 1800 |
| Subdivisión cronológica | Siglo XVI |
| 9 (RLIN) | 21413 |
| 902 ## - CATALOGADOR | |
| Iniciales | LAR |
| 942 ## - ELEMENTOS DE PUNTO DE ACCESO ADICIONAL (KOHA) | |
| Fuente del sistema de clasificación o colocación | Library of Congress Classification |
| Tipo de ítem Koha | Libros |
| Estado de retiro | Estado de pérdida | Estado dañado | No para préstamo | Localización permanente | Ubicación/localización actual | Fecha de adquisición | Número de inventario | Total de préstamos | Signatura topográfica completa | Código de barras | Fecha visto por última vez | Precio válido a partir de | Tipo de ítem Koha |
|---|---|---|---|---|---|---|---|---|---|---|---|---|---|
| Activo (en colección) | Biblioteca del Museo Franz Mayer (Rogerio Casas-Alatriste) | Biblioteca del Museo Franz Mayer (Rogerio Casas-Alatriste) | 11/08/2016 | U-71 | K5015.4 .M53 1565 (U-71) | LAR00045 | 22/03/2019 | 22/03/2019 | Libros |